Relaciones públicas : (Registro nro. 10372)

Detalles MARC
000 -LIDER
fixed length control field 01324nam a2200421 b 4500
001 - NÚMERO DE CONTROL
Identificador de número de control 01707016
003 - IDENTIFICACDOR DE NÚMERO DE CONTROL
control field DO-SdBNP
005 - DATE AND TIME OF LATEST TRANSACTION
control field 20171113131212.0
007 - CAMPOS FIJOS DE DESCRIPCIÓN FÍSICA
fixed length control field 01707016
008 - ELEMENTOS DE LONGITUD FIJA
fixed length control field 010913s2002 sp | ||| ||spa
016 7# - NO. DE CONTROL DE LA AGENCIA BIB. NACIONAL
Record control number
Source BPMUS
017 ## - NÚMERO DE REGISTRO DE DERECHOS DE AUTOR
Copyright or legal deposit number
Assigning agency
020 ## - ISBN
International Standard Book Number 0321055551
040 ## - FUENTE DE CATALOGACIÓN
Agencia que crea de manera original el registro BPMSU
Idioma de catalogación spa
Agencia que realiza la transcripción BPMSU
Convenciones de la despripción
041 1# - CÓDIGOS DE OBRAS TRADUCIDAS O EN VARIOS IDIOMAS
Código del idioma del texto/archivo de sonido o separata spa
Cód. del idioma original y/o traducciones intermedias del texto
080 #0 - NÚMERO DE CLASIFICACIÓN DECIMAL UNIVERSAL
Universal Decimal Classification number
082 #4 - NÚMERO DE CLASIFICACIÓN DECIMAL DE DEWEY
Classification number 659.2
Item number R383p
130 00 - ASIENTO PRINCIPAL--TITULO UNIFORME
Título uniforme Public relations
Idioma de una obra Español
245 00 - MENCIÓN DE TITULO
Título Relaciones públicas :
Subtítulo estrategias y tácticas /
Mención de responsabilidad Dennis L. Wilcox , Phillip H. Ault, Warren K. Agee, Glen T. Cameron ; traducción Yago Moreno, José Hamad ; revisión técnica Jordi Xifra.
250 ## - MENCIÓN DE EDICION
Mención de edición 6ª ed.
260 0# - PUBLICACIÓN, DISTRIBUCIÓN, ETC. (PIE DE IMPRENTA)
Lugar de publicación, distribución, etc Madrid :
Nombre del editor, distribuidor, etc. Addison Wesley,
Fecha de publicación, distribución, etc 2002
300 ## - DESCRIPCIÓN FÍSICA
Extensión xxvii, 618 p. :
Otros detalles físicos il.;
Dimensiones 25 cm
504 ## - NOTA DE BIBLIOGRAFÍA, ETC.
Bibliography, etc Bibliografía: p. [597]-608. Índice
650 #4 - ENCABEZAMIENTO DE MATERIA--TEMÁTICO
Término temático o nombre geográfico como elemento de entrada RELACIONES PÚBLICAS
Fuente del encabezamiento o término
650 #4 - ENCABEZAMIENTO DE MATERIA--TEMÁTICO
Término temático o nombre geográfico como elemento de entrada CORPORACIONES
700 12 - ASIENTO SECUNDARIO -- NOMBRE PERSONAL
Nombre personal Wilcox, Dennis L.
700 12 - ASIENTO SECUNDARIO -- NOMBRE PERSONAL
Nombre personal Ault, Phillip H.
700 12 - ASIENTO SECUNDARIO -- NOMBRE PERSONAL
Nombre personal Agee, Warren K.
700 12 - ASIENTO SECUNDARIO -- NOMBRE PERSONAL
Nombre personal Cameron, Glen T.
700 12 - ASIENTO SECUNDARIO -- NOMBRE PERSONAL
Nombre personal Moreno, Yago ,
Mención de responsabilidad tr.
700 12 - ASIENTO SECUNDARIO -- NOMBRE PERSONAL
Nombre personal Hamad, José ,
Mención de responsabilidad tr.
700 12 - ASIENTO SECUNDARIO -- NOMBRE PERSONAL
Nombre personal Xifra, Jordi
700 1# - ASIENTO SECUNDARIO -- NOMBRE PERSONAL
Nombre personal Capella, Isabel ,
Mención de responsabilidad ed.
910 ## - VALIDACIÓN
Validación Validado. Control de calidad MFF
942 ## - ADDED ENTRY ELEMENTS (KOHA)
Source of classification or shelving scheme Dewey Decimal Classification
Koha item type Libros
945 ## - INFORMACIÓN DE PROCESAMIENTO LOCAL
Información de procesamiento local Inventariado, 2017/MFF
956 ## - LOCAL ELECTRONIC LOCATION AND ACCESS (OCLC)
Nombre de host VMATEO
Número de acceso 10
Información de compresión 20160613
Trayectoria BPMSU
Nombre Electrónico 0069
Existencias
Withdrawn status Lost status Source of classification or shelving scheme Damaged status Not for loan Collection code Home library Current library Date acquired Source of acquisition Total Checkouts Full call number Barcode Date last seen Price effective from Koha item type
    Dewey Decimal Classification     Colección General Biblioteca Pública Metropolitana Salomé Ureña Biblioteca Pública Metropolitana Salomé Ureña 06/13/2016 Donado por Maritza Béez   659.2 R383p BPMSU16060175 06/13/2016 06/13/2016 Libros